¿Muchos amigos o un amo? (Record no. 80811)

MARC details
000 -LEADER
campo de control de longitud fija 00570nam a2200181 i 4500
001 - NÚMERO DE CONTROL
campo de control 80811
003 - IDENTIFICADOR DE NÚMERO DE CONTROL
campo de control ES-MaACL
005 - FECHA Y HORA DE LA ÚLTIMA TRANSACCIÓN
campo de control 20230906174314.0
007 - CAMPO FIJO DE DESCRIPCIÓN FÍSICA--INFORMACIÓN GENERAL
campo de control de longitud fija t|
008 - DATOS DE LONGITUD FIJA--INFORMACIÓN GENERAL
campo de control de longitud fija 041029s1916 xxk ||||1| spa d
100 1# - ENTRADA PRINCIPAL--NOMBRE DE PERSONA
Nombre de persona Hope, Anthony.
9 (RLIN) 64157
245 11 - MENCIÓN DEL TÍTULO
Título ¿Muchos amigos o un amo?
Resto del título : a España le toca considerarlo /
Mención de responsabilidad, etc. por Anthony Hope.
260 ## - PUBLICACIÓN, DISTRIBUCIÓN, ETC.
Lugar de publicación, distribución, etc. Paris ;
-- Edimburgo ... [etc.] :
Nombre del editor, distribuidor, etc. Thomas Nelson & Sons,
Fecha de publicación, distribución, etc. [191-]
300 ## - DESCRIPCIÓN FÍSICA
Extensión 13 p. ;
Dimensiones 18 cm.
650 #4 - PUNTO DE ACCESO ADICIONAL DE MATERIA--TÉRMINO DE MATERIA
Término de materia o nombre geográfico como elemento de entrada Guerra mundial, 1914-1918-
Subdivisión geográfica España.
9 (RLIN) 147989
852 ## - LOCALIZACIÓN
Ubicación ES-MaACL
Número de control de estantería 1546-F-4
852 1# - LOCALIZACIÓN
Ubicación BA
Número de control de estantería 1579-F-18
Holdings
Estatus retirado Estado de pérdida Estado de daño No para préstamo Colección Biblioteca de origen Biblioteca actual Ubicación en estantería Fecha de adquisición Fuente de adquisición Total de préstamos Signatura topográfica completa Código de barras Visto por última vez Precio de reemplazo Tipo de ítem Koha
        Colección de folletos Biblioteca del Ateneo de Madrid Biblioteca del Ateneo de Madrid Depósito folletos 02/06/2016     1579-F-18 1195356 23/02/2023 23/02/2023 Folleto
        Colección de folletos Biblioteca del Ateneo de Madrid Biblioteca del Ateneo de Madrid Depósito folletos 17/01/2008     1546-F-4 1084486 23/02/2023 23/02/2023 Folleto